000 00216nam a22000857a 4500
008 170113b xxu||||| |||| 00| 0 eng d
100 _92405
_aMisra.R.R.
245 _aChemistry manual-CCE-IX
260 _aNew Delhi
_bAPC
_c2011
999 _c5434
_d5434